000 00461nam a2200193Ia 4500
003 0100
008 130227s9999 xx 000 0 und d
040 _cARRUPELIB
050 _aBL240.3.P53
100 _aPlantinga, Alvin
245 _aWhere the conflict really lies
245 _bscience, religion and naturalism
260 _aOxford
260 _bOxford University Press
260 _C2011
300 _a359p.
300 _b 23 cm
942 _2lcc
_03
999 _c6223
_d6223